Cidades menos populosas por Estado - Statistics

General Stats
  • This quiz has been taken 26 times
  • The average score is 4 of 26
Answer Stats
Estado Nº de habitantes Cidade % Correct
São Paulo 837 Borá
65%
Minas Gerais 815 Serra da Saudade
65%
Rio de Janeiro 5.599 Macuco
19%
Rondônia 2.169 Pimenteiras do Oeste
19%
Alagoas 2.908 Pindoba
19%
Goiás 1.137 Anhanguera
15%
Pará 3.310 Bannach
15%
Amazonas 2.755 Japurá
15%
Tocantins 1.106 Oliveira de Fátima
15%
Rio Grande do Norte 1.712 Viçosa
15%
Mato Grosso 956 Araguainha
12%
Espírito Santo 4.514 Divino de São Lourenço
12%
Mato Grosso do Sul 3.044 Figueirão
12%
Ceará 4.844 Granjeiro
12%
Paraná 1.331 Jardim Olinda
12%
Paraíba 1.771 Parari
12%
Amapá 4.632 Pracuúba
12%
Acre 5.952 Santa Rosa do Purus
12%
Rio Grande do Sul 1.530 Engenho Velho
8%
Bahia 3.161 Maetinga
8%
Piauí 1.246 Miguel Leão
8%
Sergipe 2.686 Amparo de São Francisco
4%
Pernambuco 4.548 Ingazeira
4%
Roraima 7.860 São Luís
4%
Maranhão 3.432 Bernardo do Mearim
0%
Santa Catarina 2.981 Zortéa
0%
No matching quizzes found
Score Distribution
Percent of People with Each Score
Percentile by Number Answered
Your Score History
You have not taken this quiz